000
00383nam a2200145Ia 4500
008
100122s9999 xx 000 0 und d
082
_b
7335
_a
823
100
_a
आपटे ना ह
245
_a
जाऊबाई
260
_b
आपटे आणि मंडळी
_c
1950
300
_a
182
630
_a
जाऊबाई
730
_a
जाऊबाई
942
_c
BOOK
999
_c
400033
_d
400030